Visualizzazione normale
Vista MARC
- Eno Brian
di Personal Name
Records bibliografici associati: 1
001 - CONTROL NUMBER
- control field: 23864
003 - CONTROL NUMBER IDENTIFIER
- control field: IT-RoPau
005 - DATE AND TIME OF LATEST TRANSACTION
- control field: 20140504214737.0
008 - FIXED-LENGTH DATA ELEMENTS
- fixed length control field: 140504|| aca||aabn | a|a d
040 ## - CATALOGING SOURCE
- Original cataloging agency: IT-RoPau
- Transcribing agency: IT-RoPau
100 ## - HEADING--PERSONAL NAME
- Personal name: Eno Brian
- Miscellaneous information: Codice interprete SPICS: 11870
- Relator term: Interprete
670 ## - SOURCE DATA FOUND
- Source citation: Work cat.: (IT-RoPau)100459: Eno Brian 23861, Taking Tiger Mountain (By Strategy)-Lp Eno 2